<?xml version="1.0" encoding="UTF-8"?>
<record
    xmlns:xsi="http://www.w3.org/2001/XMLSchema-instance"
    xsi:schemaLocation="http://www.loc.gov/MARC21/slim http://www.loc.gov/standards/marcxml/schema/MARC21slim.xsd"
    xmlns="http://www.loc.gov/MARC21/slim">

  <leader>01012nam a2200265uu 4500</leader>
  <controlfield tag="001">1216620</controlfield>
  <controlfield tag="005">20260508070455.0</controlfield>
  <controlfield tag="008">100915s2010                        spa  </controlfield>
  <datafield tag="020" ind1=" " ind2=" ">
    <subfield code="a">9789589307960</subfield>
  </datafield>
  <datafield tag="035" ind1=" " ind2=" ">
    <subfield code="a">1216620</subfield>
  </datafield>
  <datafield tag="035" ind1=" " ind2=" ">
    <subfield code="a">(OCoLC)777055970</subfield>
  </datafield>
  <datafield tag="040" ind1=" " ind2=" ">
    <subfield code="c">comduadb</subfield>
  </datafield>
  <datafield tag="041" ind1=" " ind2=" ">
    <subfield code="a">spa</subfield>
  </datafield>
  <datafield tag="080" ind1=" " ind2=" ">
    <subfield code="a">C/</subfield>
  </datafield>
  <datafield tag="100" ind1="1" ind2="0">
    <subfield code="a">Pedraza L&#xF3;pez, Betty</subfield>
    <subfield code="4">aut</subfield>
    <subfield code="e">aut</subfield>
    <subfield code="9">306568</subfield>
  </datafield>
  <datafield tag="245" ind1="1" ind2="4">
    <subfield code="a">Las entidades territoriales en la realizaci&#xF3;n de derechos de la poblaci&#xF3;n desplazada : limitaciones y posibilidades frente al estado de cosas incostitucional</subfield>
  </datafield>
  <datafield tag="260" ind1=" " ind2=" ">
    <subfield code="a">Bogot&#xE1; :</subfield>
    <subfield code="b">CODHES,</subfield>
    <subfield code="c">2010.</subfield>
  </datafield>
  <datafield tag="300" ind1=" " ind2=" ">
    <subfield code="a">133 p&#xE1;ginas</subfield>
  </datafield>
  <datafield tag="650" ind1=" " ind2=" ">
    <subfield code="a">Desplazamiento forzado - Pol&#xED;tica p&#xFA;blica</subfield>
    <subfield code="9">179872</subfield>
  </datafield>
  <datafield tag="650" ind1=" " ind2=" ">
    <subfield code="a">Prevenci&#xF3;n del desplazamiento forzado</subfield>
    <subfield code="9">155531</subfield>
  </datafield>
  <datafield tag="650" ind1=" " ind2=" ">
    <subfield code="a">Atenci&#xF3;n a desplazados</subfield>
    <subfield code="9">155634</subfield>
  </datafield>
  <datafield tag="650" ind1=" " ind2="7">
    <subfield code="a">Entidades territoriales</subfield>
    <subfield code="2">lemb</subfield>
    <subfield code="9">52404</subfield>
  </datafield>
  <datafield tag="700" ind1="1" ind2="0">
    <subfield code="a">Restrepo Botero, Dar&#xED;o Indalecio,</subfield>
    <subfield code="d">1958-</subfield>
    <subfield code="4">aut</subfield>
    <subfield code="0">(orcid)0000-0002-5182-2077</subfield>
    <subfield code="0">(isni)0000 0000 3250 3631</subfield>
    <subfield code="0">(viaf)9057432</subfield>
    <subfield code="e">aut</subfield>
    <subfield code="9">485197</subfield>
  </datafield>
  <datafield tag="942" ind1=" " ind2=" ">
    <subfield code="c">BOOK</subfield>
  </datafield>
  <datafield tag="999" ind1=" " ind2=" ">
    <subfield code="c">567509</subfield>
    <subfield code="d">567509</subfield>
  </datafield>
  <datafield tag="952" ind1=" " ind2=" ">
    <subfield code="0">0</subfield>
    <subfield code="1">0</subfield>
    <subfield code="4">0</subfield>
    <subfield code="7">0</subfield>
    <subfield code="8">GENERAL</subfield>
    <subfield code="a">INER</subfield>
    <subfield code="b">INER</subfield>
    <subfield code="d">2010-09-16</subfield>
    <subfield code="i">C1098606</subfield>
    <subfield code="l">0</subfield>
    <subfield code="o">C/2675</subfield>
    <subfield code="p">0642183</subfield>
    <subfield code="r">2023-04-30 00:00:00</subfield>
    <subfield code="t">1</subfield>
    <subfield code="w">2023-04-30</subfield>
    <subfield code="y">BOOK</subfield>
  </datafield>
</record>
